Terminologie logistiky. 11
Jedenáste pokračovanie seriálu logistického slovníku. Základné pojmy z oblasti logistiky od D - K.
Salvato in:
| Natura: | Capitolo di libro |
|---|---|
| Lingua: | ceco |
| Soggetti: | |
| Tags: |
Nessun Tag, puoi essere il primo ad aggiungerne!!
|
MARC
| LEADER | 00000naa a2200000 4500 | ||
|---|---|---|---|
| 001 | r027671 | ||
| 005 | 20230922090120.8 | ||
| 041 | 0 | |a cze | |
| 044 | |a CZ | ||
| 245 | 1 | 0 | |a Terminologie logistiky. 11 |
| 520 | |a Jedenáste pokračovanie seriálu logistického slovníku. Základné pojmy z oblasti logistiky od D - K. | ||
| 610 | 2 | 0 | |a logistika |
| 610 | 2 | 0 | |a pojmy |
| 610 | 2 | 0 | |a slovníky |
| 610 | 2 | 0 | |a terminológia |